000 01107nam a2200301 c 4500
003 BLK
005 20180420234312.0
008 180410b bul|||||r ||||||| ||bul||
010 _aKNG00163289000
020 _a978-954-491-878-1
_bиздат.: Жанет 45
040 _aBLK
041 _aBUL
_cBUL
072 7 _2bullib
_aН84
_xБългарска художествена литература Н
080 _aБългарска литература
_b821.163.2
_x-7
_z821.163.2-7
100 1 _aКраевски, Петър Иванов
_eпърви автор
_9296421
139 _aКраевски, Петър Иванов
_bК 88
245 1 0 _aОперация "Райски газ"
_bХумористична проза
_cПетър Иванов Краевски.
257 _aBGR
260 Пловдив
_bЖанет 45
_c2012
300 _a291 с.
_bс портр.
_c20 см
380 _aX
659 _aН
852 _aЦб 269956
856 4 _qpdf
_u
856 4 _qpdf
_u
942 _cKNG
_n0
944 _aCR
_c18.07.2014
_kПенка_Димитрова
944 _aED
_c20.03.2015
_kГрета_Цуфелде
999 _c156449
_d156449